Modern East Asia : Essays in interpretation
Zapisane w:
| 1. autor: | |
|---|---|
| Format: | Książka |
| Język: | Undetermined |
| Wydane: |
New York
Harcourt, Brace & World
1970
|
| Hasła przedmiotowe: | |
| Etykiety: |
Dodaj etykietę
Nie ma etykietki, Dołącz pierwszą etykiete!
|
| Thư viện lưu trữ: | Trung tâm Học liệu Trường Đại học Cần Thơ |
|---|
| LEADER | 00657nam a2200205Ia 4500 | ||
|---|---|---|---|
| 001 | CTU_88413 | ||
| 008 | 210402s9999 xx 000 0 und d | ||
| 082 | |a 951 | ||
| 082 | |b C953 | ||
| 100 | |a Crowley, James B. | ||
| 245 | 0 | |a Modern East Asia : | |
| 245 | 0 | |b Essays in interpretation | |
| 245 | 0 | |c Volume editor: James B. Crowley. Contributors: Frederic Wakeman, Jr. [and others] Under the general editorship of John Morton Blum. | |
| 260 | |a New York | ||
| 260 | |b Harcourt, Brace & World | ||
| 260 | |c 1970 | ||
| 650 | |a China,Japan | ||
| 650 | |x History,History | ||
| 904 | |i Năm,Hải | ||
| 980 | |a Trung tâm Học liệu Trường Đại học Cần Thơ | ||